00923ntm a22002297a 450000500170000000800410001704000280005808200170008610000320010324500850013526000100022030000390023050001820026959000140045165000400046565300230050565500090052870000300053794200080056799900170057595201010059220170809151034.0170802s2014 xx a frb 000 0 eng d aEG-ScBUEbengcEG-ScBUE04a624bGOM2221 aGomaa, Ahmed Mohamed Sayed.10aReplaceing fine aggrate (SAND) with marble powder /cAhmed Mohamed Sayed Gomaa. c2014. aix. 47 p. :bill. (col.) ;c28 cm. aA design brief submitted to the faculty of engineering, The British University in egypt, in partial fulfillment of the requirements for the bachelor degree in civil engineering. amai allam 72BUEshaCivil Engineering.vProjects bENGCIVcAugust2017 vSPRO1 aHelmy, Amr Ibrahim.eths. 2ddc c25325d25297 00102ddc4070aMAINbMAINc2NDd2017-08-08l0o624 GOMp000046523r2025-07-15 00:00:00yPROJST